Missing Word: Emily Blunt Quiz Stats

Quiz Updated Jul 11, 2017

Challenge
Share
Tweet
Embed
Score 0/18 Timer 03:00
0 Plays Today
Movie Missing Word % Correct
The Devil Wears _____Prada
97.7%
Gulliver's _____Travels
96.7%
The Five-_____ EngagementYear
94.5%
Gnomeo & _____Juliet
89.2%
_____ Wilson's WarCharlie
82.8%
Dan in _____ LifeReal
76%
The _____ on the TrainGirl
74.9%
The Adjustment _____Bureau
73.4%
_____ Fishing in the YemenSalmon
64.9%
Movie Missing Word % Correct
_____ of TomorrowEdge
61%
The Jane _____ Book Club Austen
51.3%
Into the _____Woods
41.7%
The _____ VictoriaYoung
38.3%
_____ TargetWild
34.3%
The _____: Winter's War Huntsman
26.7%
_____ CleaningSunshine
24.4%
Your Sister's ______Sister
15.2%
My _____ of LoveSummer
14.2%

Today's Daily Dose

You're not logged in!

Compare scores with friends on all Sporcle quizzes.
Sign Up with Email
OR
Log In

You Might Also Like...

Show Comments

Extras

Top Quizzes Today


Score Distribution

Your Account Isn't Verified!

In order to create a playlist on Sporcle, you need to verify the email address you used during registration. Go to your Sporcle Settings to finish the process.